000 01821nam a2200373 c 4500
003 BLK
005 20180420214754.0
008 180412b bul|||||r ||||||| ||bul||
010 _aKNG00014218000
020 _a954-8492-26-1
_bиздат.: Информа Интелект
040 _aBLK
041 _aBUL
_cBUL
080 _aФорми на предприятията в зависимост от отношението към собствеността...
_b334.72
_x.003(075.8)
_z334.72.003(075.8)
080 _aУправление и администрация на предприемачеството. Организация на търговията
_b658
_x(075.8)
_z658(075.8)
100 1 _aМаринов, Георги Костадинов
_eпърви автор
_9257657
139 _aПриложна икономика
_bП 88
245 1 0 _aПриложна икономика
_bАктуални въпроси и отговори : За студенти от ВУЗ
_cГеорги Костадинов Маринов.
257 _aBGR
260 София
_bИнформа Интелект
_c1996
300 _a288 с.
_bсъс сх., табл.
_c24 см
380 _a3
500 _aДеп. списък: 36 Други авт.: М. Велев, Г. Попов, О. Гераскова ; 1 000 тир
650 4 _aСтопански предприятия - икономика и организация - учебници за ВУЗ
_9256245
650 4 _aИкономика - учебници за ВУЗ
_9243428
653 _aикономика
653 _aпланиране
653 _aиновации
653 _aфинанси
852 _aЦб 189179
856 4 _qpdf
_u
856 4 _qpdf
_u
942 _cKNG
_n0
_01
944 _aCR
_c15.01.2003
_kГеновева_Генчева
944 _aED
_c27.09.2006
_k
999 _c12609
_d12609